Vista normal
Vista MARC
Entrada Personal Name
Número de registros utilizados en: 1
001 - CONTROL NUMBER
- control field: 9298
003 - CONTROL NUMBER IDENTIFIER
- control field: OSt
005 - DATE AND TIME OF LATEST TRANSACTION
- control field: 20200826155711.0
008 - FIXED-LENGTH DATA ELEMENTS
- fixed length control field: 200826|| aca||aabn | a|a d
040 ## - CATALOGING SOURCE
- Original cataloging agency: OSt
- Transcribing agency: OSt
100 ## - HEADING--PERSONAL NAME
- Personal name: Esnaola, Graciela Alicia
670 ## - SOURCE DATA FOUND
- Source citation: Work cat.: (OSt)6075: Esnaola, Graciela Alicia, autora, Claves culturales en la construcción del conocimiento : , 2006.